Statistics for U.S. States that Begin with N - [Tutorial]

Click here to take the quiz!

General Stats

  • This quiz has been taken 315 times
  • The average score is 7 of 8

Answer Stats

State% Correct
New York
98%
Nevada
92%
North Carolina
92%
North Dakota
92%
Nebraska
90%
New Jersey
90%
New Hampshire
89%
New Mexico
88%

Score Distribution

Percentile by Number Answered

Percent of People with Each Score

Your Score History

You have not taken this quiz